00327nam a2200097Ia 4500008004100000041000800041100002700049245009600076260003800172999001900210241105s9999 xx 000 0 und d aeng aMahajan Shital9182798 aLandscape Architecture Strategies To Mitigate The Effect Of Coal Fired Theramal Power Plant bM Arch Landscape BNCA, Punec2015 c361089d361089